| 000 | 00390pab a2200145 454500 | ||
|---|---|---|---|
| 008 | 180718b1984 xxu||||| |||| 00| 0 eng d | ||
| 100 | _aChandra, Pal | ||
| 245 | _aStatus of sole coparceners in tax assessments - judicial trends | ||
| 260 | _c1984 | ||
| 300 | _a381-92 | ||
| 362 | _aSept. | ||
| 650 | _aReal Property - Taxation | ||
| 773 | _aCochin University Law Review | ||
| 909 | _a17062 | ||
| 999 |
_c17062 _d17062 |
||